States of SNL Quiz Stats

 Plays Quiz not verified by Sporcle

Challenge
Share
Tweet
Embed
Score 0/31 Timer 05:00
0 Plays Today
Cast Members State/Country % Correct
18New York
99%
10California
97.7%
3Florida
92.8%
1Texas
91%
1Washington
89.9%
8Illinois
87.6%
3Georgia
85.2%
2New Jersey
85.2%
5Massachusetts
83.6%
2Virginia
83.1%
4Pennsylvania
82.2%
2Ohio
82.1%
1Maine
81.3%
3Michigan
80.8%
1South Carolina
78.7%
1New Hampshire
77.7%
Cast Members State/Country % Correct
2Tennessee
74.4%
1Oklahoma
71.2%
1Mississippi
70.8%
2Wisconsin
70.5%
1Louisiana
70.5%
1Iowa
69.4%
1Montana
68.1%
2Missouri
67.9%
1South Dakota
64.7%
7Canada
59.6%
1UK
35.3%
1Washington DC
31.1%
1Italy
13.8%
1New Zealand
11.6%
1Chile
6%

You're not logged in!

Compare scores with friends on all Sporcle quizzes.
Join for Free
OR
Log In

You Might Also Like...

Show Comments

Extras

Top Quizzes Today


Score Distribution

Your Account Isn't Verified!

In order to create a playlist on Sporcle, you need to verify the email address you used during registration. Go to your Sporcle Settings to finish the process.

Report this User

Report this user for behavior that violates our Community Guidelines.

Details: